00382nam a2200121Ia 4500008004100000041000800041082001600049100002000065245008300085260003700168300001900205520003600224240719s9999 xx 000 0 und d aeng a303.482 DAM a Damluji Hassan aTheresponsibleglobalist: what citizens of the world can learn from nationalism aUnited KingdombAllen Lanec2019 a208;.P. 22 cm aFaculty Purchase by Dr. Shyam S